| 000 | 01474nam a22001817a 4500 | ||
|---|---|---|---|
| 003 | OSt | ||
| 005 | 20240524150547.0 | ||
| 008 | 240524s2015 sp ||||gr|||| 001 0dspa d | ||
| 020 | _a8425536001789 | ||
| 040 |
_aUmch _bspa _cUmch _erda |
||
| 082 | _a194 S669 | ||
| 100 |
_aCristina Sánchez Muñoz _eautor |
||
| 245 |
_aSimone de Beauvoir _bDel sexo al género _cCristina Sánchez Muñoz |
||
| 300 |
_a141 p. _c23.5 cm |
||
| 500 | _aSimone de Beauvoir (1908-1986) es una de las grandes voces europeas del siglo XX, una figura imprescindible para entender el desarrollo de la filosofía contemporánea en general, y del pensamiento feminista en particular. A partir de la publicación de El segundo sexo, en el que aparecía la conocida frase «no se hace mujer, sino que se llega a serlo», se habló filosóficamente de las mujeres de otra manera. En este libro la profesora Cristina Sánchez nos desvela paso a paso las claves del pensamiento de Simone de Beauvoir. Un pensamiento reivindicativo que aboga por una nueva concepción del ser mujer, pero que se inscribe también en un proyecto filosófico más amplio: el de la explicación (y denuncia) de las opresiones que actúan a través de la construcción social y cultural de la existencia. La misma construcción cultural que, aplicada sobre los cuerpos de las mujeres, desemboca en su imposibilidad de ser sujetos plenos. | ||
| 600 |
_aSimone de Beauvoir _d1908-1986 _tCítica e interpretación |
||
| 942 |
_2ddc _cLIB _n0 |
||
| 999 |
_c53366 _d53366 |
||